| 000 | 01022cab a22002055a 4500 | ||
|---|---|---|---|
| 001 | L153299 | ||
| 008 | 110707s2011 xxk 000 0 eng d | ||
| 035 | _a(Sirsi) u153299 | ||
| 041 | 0 | _aeng | |
| 100 | 1 | _aMarvin, Phillip | |
| 245 | 0 | 0 | _aDebt overload continues to haunt all markets |
| 260 | _c2011 | ||
| 490 | 0 |
_aSustainablebuilding inc Propertyforecast _v(54) June 2011, 14-15(2) |
|
| 520 | _aDebt overload, hallmark of the commercial and residential property markets since the mid 2007 credit crunch crisis, still remains in place in the current market. Looks at matters of concern in the residential and commercial markets which are not allayed by London's bullish performance. No-one can predict how much longer this negative investment and funding climate will last. | ||
| 590 | _aKA | ||
| 651 | 4 |
_aUnited Kingdom _y |
|
| 690 | _aPROPERTY-COMMERCIAL PROPERTY-COMMERCIAL PROPERTY FINANCE AND INVESTMENT | ||
| 690 | _aPROPERTY-RESIDENTIAL PROPERTY-RESIDENTIAL PROPERTY FINANCE AND INVESTMENT | ||
| 942 | _n0 | ||
| 999 |
_c83258 _d83258 |
||